Madre Teresa (Registo nº 202052)

Detalhes MARC
000 -Etiqueta do registo
Valores 00685nam 22002053 4500
010 ## - Número ISBN
ISBN 978-989-622-122-5
021 ## - Número do Depósito Legal
Número 27858/08
100 ## - Dados gerais de processamento
Dados gerais 20260506d u||y0pory50 ba
200 ## - Titulo e menção de responsabilidade
Título próprio Madre Teresa
Informação de outro título vem, sê a minha luz, os escritos privados da "Santa de Calcutá"
Primeira menção de responsabilidade Organização e comentário Brian Kolodiejchuck, M.C.
Outras menções de responsabilidade Prefácio Cardeal José Saraiva Martins
210 ## - Publicação
Local de publicação Lisboa
Nome do editor Aletheias Editores
Data de publicação 2008
215 ## - Descrição física 
Paginação / Volumes 393 p.
Outras indicações físicas brochado
Dimensões 25 cm
606 ## - Nome comum usado como assunto
ID Autoridade 1250
Palavra de ordem Biografias
610 ## - Termos não controlados
Palavra de ordem Madre Teresa
675 ## - CDU
Notação 929
Edição PT
Língua por
702 ## - Autor secundário (pessoa individual)
ID Autoridade 17245
Apelido Kolodiejchuck
Nome Brian
801 ## - Fonte de origem
País PT
Agência BMMN
Regras de catalogação RPC
830 ## - Notas gerais do catalogador
Criado por Fernando
Indexado por Fernando
990 ## - Elementos KOHA
Tipo de documento Livro
Exemplares
Situação do levantamento Biblioteca de origem Código de barras Cota Permissão de empréstimo Tipo de documento Forma de aquisição
  Biblioteca Municipal de Montemor-o-Novo 31467 929 TER|LG   Livro Compra

Powered by Koha